| 000 | 02228cam a2200541 i 4500 | ||
|---|---|---|---|
| 001 | 518 | ||
| 005 | 20230516094005.0 | ||
| 008 | 160201t20152014nyua j 000 1 eng d | ||
| 020 |
_a9780545708302 _qpbk. |
||
| 020 |
_a0545708303 _qpbk. |
||
| 020 |
_a9781480672505 _q(Paw Prints) |
||
| 020 |
_a1480672505 _q(Paw Prints) |
||
| 040 |
_aPAP _beng _cPAP _erda _dPAP _dOCLCO _dBTCTA _dHBP _dOCP _dOCLCO _dJTH _dUPZ _dJTH _dDAD _dOCLCF _dEHH _dOCL _dOCLCO _dYDXCP _dBDX _dDLC |
||
| 050 | 0 | 0 |
_aPZ7.M507 _bAne 2015 |
| 082 | 0 | 4 |
_a823.92 _223 |
| 100 | 1 |
_aMeadows, Daisy, _eauthor. |
|
| 245 | 1 | 0 |
_aAnnabelle the drawing fairy / _cby Daisy Meadows. |
| 300 |
_a65 pages : _billustrations ; _c20 cm. |
||
| 490 | 1 |
_aRainbow magic. The magical crafts fairies ; _v2 |
|
| 500 | _aContains a special sneak peek of the next Rainbow magic adventures. | ||
| 505 | _aM | ||
| 520 | _aAnnabelle the drawing fairy needs Rachel and Kirsty's help to find her missing pencil sharpener in order to help keep Rainspell Island's Arts and Crafts Week on schedule. | ||
| 521 | 2 |
_a740
_bLexile |
|
| 521 | 0 |
_aM
_bRaz-Plus |
|
| 650 | 0 |
_aTate, Kirsty (Fictitious character) _vJuvenile fiction. |
|
| 650 | 0 |
_aWalker, Rachel (Fictitious character) _vJuvenile fiction. |
|
| 650 | 0 |
_aFairies _vJuvenile fiction. |
|
| 650 | 0 |
_aMagic _vJuvenile fiction. |
|
| 650 | 0 |
_aDrawing _vJuvenile fiction. |
|
| 650 | 0 |
_aPencils _vJuvenile fiction. |
|
| 650 | 1 |
_aTate, Kirsty (Fictitious character) _vFiction. |
|
| 650 | 1 |
_aWalker, Rachel (Fictitious character) _vFiction. |
|
| 650 | 1 |
_aFairies _vFiction. |
|
| 650 | 1 |
_aTwins _vFiction. |
|
| 650 | 1 |
_aMagic _vFiction. |
|
| 650 | 1 |
_aDrawing _vFiction. |
|
| 650 | 1 |
_aPencils _vFiction. |
|
| 650 | 7 |
_aDrawing. _2fast _0(OCoLC)fst00897725 |
|
| 650 | 7 |
_aFairies. _2fast _0(OCoLC)fst00919878 |
|
| 650 | 7 |
_aMagic. _2fast _0(OCoLC)fst01005468 |
|
| 650 | 7 |
_aPencils. _2fast _0(OCoLC)fst01056841 |
|
| 650 | 7 |
_aTate, Kirsty (Fictitious character) _2fast _0(OCoLC)fst01748294 |
|
| 650 | 7 |
_aWalker, Rachel (Fictitious character) _2fast _0(OCoLC)fst01748295 |
|
| 655 | 7 |
_aFiction. _2fast _0(OCoLC)fst01423787 |
|
| 655 | 7 |
_aJuvenile works. _2fast _0(OCoLC)fst01411637 |
|
| 906 |
_a7 _bcbc _ccopycat _d2 _encip _f20 _gy-gencatlg |
||
| 942 |
_2ddc _cBK _n0 |
||
| 999 |
_c518 _d518 |
||